Musiikkia kirjaimittain- J - Statistics

Yleistilastot
  • Tätä visaa on pelattu 141 kertaa
  • Keskiarvotulos 7 / 16
Vastaustilastot
Kappaleet Maa Aktiivisena Artisti/Bändi % Oikein
Kaksi puuta | Jotain niin oikeaa Suomi 1999- Juha Tapio
97%
Nelisilmä | Ikuinen vappu Suomi 2009- JVG
90%
Villejä lupiineja | Mennyt mies Suomi 1981- J. Karjalainen
85%
Tahdon | Sä et ole hullu Suomi 2007- Janna
67%
Tunnoton | Junat ja naiset Suomi 2002- Jenni Vartiainen
64%
Jyrki boy | Norjalainen villapaita Suomi 1970-2006 Juice Leskinen
58%
Vielä täällä | Vie mut kotiin Suomi 2012- Jesse Kaikuranta
49%
Qué Hiciste | On the floor Yhdysvallat 1986- Jennifer Lopez
44%
Ei panikoida | Oothan tässä vielä huomenna Suomi 2004- Johanna Kurkela
44%
Antaa surun mennä | Kuurankukka Suomi 1979- Joel Hallikainen
43%
My love | Sexyback Yhdysvallat 1993- Justin Timberlake
33%
Kirosanoja | Ota syliin ja suutele mua Suomi 1997- Jonne Aaron
24%
Pohjanmaan tuulia | Onnenpäivä Suomi 2007- Jannika B
21%
Enkelten kaupunki | Piiloon Suomi 2005- Jippu
16%
Living after midnight | The Ripper Iso-Britannia 1969- Judas Priest
10%
Year 3000 | Burnin' up Yhdysvallat 2005-2013, 2019- Jonas Brothers
2%
Ehtoja vastaavia visoja ei löytynyt
Tulosjakauma
Jokaisen tuloksen saaneiden osuus
Persentiili vastausten määrän mukaan
Tuloshistoriasi
Et ole pelannut tätä visaa